000 00933nas a2200301 4500
001 BR0205654
003 BR-BrBNA
005 20231205103409.0
007 ta
008 230509b bl.|||p| |||| 00| 00por d
040 _aBR-BrBNA
_bpor
_cBiblioteca Nacional de Agricultura
041 _a(Pt)
072 _aF30; H60
100 1 _aNoldin, J.A.
100 1 _aYokoyama, S.
100 1 _aAntunes, P.
100 1 _aLuzzardi, R.
245 1 _aPotencial de cruzamento natural entre o arroz transgênico resistente ao herbicida glufosinato de amônio e o arroz daninho
650 _aARROZ
650 _aARROZ VERMELHO
650 _aPLANTA TRANSGÊNICA
650 _aCRUZAMENTO VEGETAL
650 _aHERBICIDA
650 _aRESISTÊNCIA A PRODUTOS QUÍMICOS
773 0 _tPlanta Daninha (Brazil)
_xISSN 0100-8358
_g(2002), v. 20(2) p. 243-251
_wBR0205654
909 _a202311
_bLúcia
_c55
_dLúcia Elande
942 _2AGRIS
_n0
_cANA
999 _c172644
_d172644